Statistiken für Griechischer Wein lyrics

Klicken Sie hier um das Quiz zu spielen!

Allgemein

  • Dieses Quiz wurde 236 mal gespielt
  • Das Durchschnittsergebnis liegt bei 24 aus 38

Antwortstatistiken

HintAntwort% Korrekt
Es war schonDunkel
93%
heimwärtsGing
92%
Du musst verzeihenGriechischer Wein
85%
Du musst verzeihenGriechischer Wein
84%
Griechischer Wein
84%
Griechischer Wein
84%
Griechischer Wein
83%
So wie dasBlut der Erde
80%
Ist so wie dasBlut der Erde
80%
Und aus der Jukebox erklangMusik
76%
Komm‘,schenk dir ein und wenn ich dannTraurig werde
74%
Komm‘, shenk dir ein und wenn ich dannTraurig werde
73%
Da war einWirtshaus
71%
Als ich durchVorstadtstraßen
70%
UndAllein
69%
UndAllein
68%
Ich hatte Zeit und mir war kalt, drumTrat ich ein
68%
Wieder, in dieser Stadt, werd‘ ich immer nur einFremder sein
67%
Wieder, in dieser Stadt, werd‘ ich immer nur einFremder sein
66%
Liegt es daran, dass ich immerTräume von daheim
66%
Als man mich sah Stand einer auf undLud mich ein
65%
Liegt es daran, dass ich immerTräume von daheim
65%
Shenk‘ nochmal ein, denn ich fühl dieSehnsucht
63%
Schenk‘ nochmal ein, denn ich fühl‘ dieSehnsucht
61%
Aus dem das Licht noch auf denGehsteig schien
60%
Und mitSchwarzem Haar
57%
Da saßen Männer mitBraunen Augen
54%
Und dieAltvertrauten Lieder
52%
Die fremd undSüdlich war
52%
Und dieAltvertrauten Lieder
51%
Und von dem Kind das seinenVater noch nie sah
40%
Genügt zu Hause für einKleines Glück
38%
Und jungen Frauen, dieAlleine sind
36%
Und dasErsparte
35%
Und bald denkt keiner mehr daranWie es hier war
31%
Sie sagten sich immer wieder irgendwannGeht es zurück
28%
Und dann erzählten sie mir vonGrünen Hügeln
26%
, Meer und Wind. Von altenHäusern
26%

Verteilung der Resultate

Perzentil nach korrekt beantworteten Fragen

Anzahl Personen mit jedem Resultat

Ihre Resultats-Entwicklung

Sie haben dieses Quiz noch nicht gespielt